000 00676cam a22002291 4500
001 sa 63002265
003 DLC
005 20260227111932.0
008 770913s1962 ii a b 001 0 eng
010 _asa 63002265
035 _a(OCoLC)3259647
040 _aDLC
_cMCM
_dDLC
042 _apremarc
050 0 0 _aHD5069
_b.P23
100 1 _aPalekar, Shreekant A.,
_d1918-
245 1 0 _aReal wages in India, 1939-1950.
_cWith a foreword by John T. Dunlop.
260 _aBombay,
_bInternational Book House,
_c1962.
300 _axxvi, 378 p.
_billus.
_c23 cm.
504 _aIncludes bibliography.
650 0 _aWages
_zIndia.
650 0 _aCost and standard of living
_zIndia.
999 _c54380
_d54380